Сергей Залыгин

Detalles Bibliográficos
Autor Principal: Горшенин А. В. Алексей Валериевич
Summary:Исключено из фонда НТБ ТПУ
Idioma:ruso
Publicado: Новосибирск, Новосибирское кн. изд-во, 1986
Series:Литературные портреты
Formato: MixedMaterials Libro
KOHA link:https://koha.lib.tpu.ru/cgi-bin/koha/opac-detail.pl?biblionumber=141690

MARC

LEADER 00000nam0a2200000 4500
001 141690
005 20231031142521.0
020 |a RU  |b 86-12329 
035 |a (RuTPU)RU\TPU\book\153585 
090 |a 141690 
100 |a 20080825d1986 m y0rusy5003 ca 
101 0 |a rus 
102 |a RU 
105 |a c z 000ab 
200 1 |a Сергей Залыгин  |f А. В. Горшенин 
210 |a Новосибирск  |c Новосибирское кн. изд-во  |d 1986 
215 |a 72 с.  |c портр. 
225 1 |a Литературные портреты 
333 |a Исключено из фонда НТБ ТПУ 
700 1 |a Горшенин  |b А. В.  |g Алексей Валериевич 
801 0 |a RU  |b RuMRKP  |c 19950704  |g psbo 
801 1 |a RU  |b 63413507  |c 20080825  |g PSBO 
801 2 |a RU  |b 63413507  |c 20220616  |g PSBO 
942 |c BK